[Event "Aeroflot Open A 2017"]
[Site "Moscow RUS"]
[Date "2017.03.01"]
[Round "9.4"]
[White "Mamedov, Rauf"]
[Black "Jobava, Baadur"]
[Result "1/2-1/2"]
[WhiteTitle "GM"]
[BlackTitle "GM"]
[WhiteElo "2688"]
[BlackElo "2701"]
[WhiteFideId "13401653"]
[BlackFideId "13601520"]
[EventDate "2017.02.21"]

1. e4 c5 2. Nf3 d6 3. d4 Nf6 4. Nc3 cxd4 5. Nxd4 a6 6. Bg5 e6 7. f4 Qb6 8. Qd3
Qxb2 9. Rb1 Qa3 10. f5 Be7 11. fxe6 fxe6 12. Be2 Qa5 13. Bd2 Qc7 14. g4 h6 15.
Qh3 O-O 16. g5 hxg5 17. Nxe6 Qc6 18. Rf1 g4 19. Bxg4 Nxg4 20. Rxf8+ Bxf8 21.
Qxg4 Qe8 22. Nd5 Qxe6 23. Qxe6+ Bxe6 24. Nc7 Ra7 25. Nxe6 b5 26. a4 Nc6 27. axb5
axb5 28. Rxb5 Ra4 29. Ng5 Be7 30. h4 Bxg5 31. Bxg5 Rxe4+ 32. Kf2 Ne5 33. Rd5 Rc4
34. Rxd6 Rxc2+ 35. Rd2 Rxd2+ 36. Bxd2 Ng6 37. Kg3 Nxh4 1/2-1/2

[Event "Aeroflot Open A 2017"]
[Site "Moscow RUS"]
[Date "2017.03.01"]
[Round "9.5"]
[White "Inarkiev, Ernesto"]
[Black "Oparin, Grigoriy"]
[Result "1-0"]
[WhiteTitle "GM"]
[BlackTitle "GM"]
[WhiteElo "2723"]
[BlackElo "2625"]
[WhiteFideId "4162722"]
[BlackFideId "24125890"]
[EventDate "2017.02.21"]

1. e4 e5 2. Nf3 Nc6 3. Bb5 a6 4. Ba4 Nf6 5. O-O Be7 6. Re1 b5 7. Bb3 d6 8. c3
O-O 9. h3 Bb7 10. d4 Re8 11. Nbd2 Bf8 12. a3 g6 13. Ba2 Bg7 14. b4 exd4 15. cxd4
a5 16. Qb3 Qd7 17. Bb2 axb4 18. axb4 Ra4 19. Bc3 Nh5 20. Bb1 Rxa1 21. Bxa1 Nf4
22. Bc3 d5 23. e5 Ne7 24. Qd1 Qc6 25. Qc1 Bc8 26. Nb3 Qc4 27. Qb2 Nd3 28. Bxd3
Qxd3 29. Nc5 Qf5 30. Qe2 g5 31. g4 Qg6 32. Qxb5 c6 33. Qd3 f5 34. exf6 Qxf6 35.
Bd2 Rf8 36. Bxg5 Qxf3 37. Qxf3 Rxf3 38. Kg2 Rf7 39. Bxe7 Bxd4 40. Re2 h5 41. f3
Bc3 42. Bd6 Bd7 43. Nd3 c5 44. bxc5 Bb5 45. Re6 Ra7 46. Be5 Ra2+ 47. Nf2 Bb4 48.
c6 hxg4 49. hxg4 Rc2 50. c7 Bd7 51. Ra6 Be1 52. Bg3 Kf7 53. Ra1 Bb4 54. Rd1 Ke6
55. Kh3 Ba5 56. Nd3 Bxc7 57. Nb4 Rc4 58. Re1+ Kf7 59. Nxd5 Bd8 60. Bh4 Bc6 61.
Ne3 Bxh4 62. Nxc4 Bxe1 63. Ne5+ Ke6 64. Nxc6 Bc3 65. f4 Kd5 66. Ne7+ Ke4 67. Ng6
Bf6 68. Kg3 Bd8 69. Nf8 Bf6 70. Ng6 Bd8 71. Nh4 Bc7 72. Ng2 Bd6 73. Kh4 Kf3 74.
g5 Kxg2 75. Kg4 Kf2 76. g6 Bf8 77. f5 1-0

[Event "Aeroflot Open A 2017"]
[Site "Moscow RUS"]
[Date "2017.03.01"]
[Round "9.6"]
[White "Matlakov, Maxim"]
[Black "Bosiocic, Marin"]
[Result "1/2-1/2"]
[WhiteTitle "GM"]
[BlackTitle "GM"]
[WhiteElo "2701"]
[BlackElo "2602"]
[WhiteFideId "4168003"]
[BlackFideId "14507927"]
[EventDate "2017.02.21"]

1. d4 Nf6 2. Nf3 e6 3. c4 b6 4. g3 Ba6 5. b3 d5 6. Bg2 Bb4+ 7. Bd2 Be7 8. cxd5
exd5 9. O-O O-O 10. Nc3 Bb7 11. Ne5 Nbd7 12. Qc2 Re8 13. Rad1 c6 14. e4 Nf8 15.
Rfe1 Ne6 16. Bc1 Rc8 17. a3 Bd6 18. Nf3 c5 19. dxc5 Rxc5 20. b4 Rc7 21. Qb3 dxe4
22. Ng5 e3 23. Bxe3 Bxg2 24. Kxg2 Qa8+ 25. Kg1 Be5 26. Nd5 Nxd5 27. Rxd5 Rc3 28.
Qd1 Nxg5 29. Bxg5 f6 30. Bf4 Qc6 31. Bxe5 fxe5 32. Rd7 Rxa3 33. Qg4 Qf6 34. Qc4+
Kh8 35. Rf7 Qd6 36. Qg4 Rg8 37. Qf5 Qxb4 38. Rxe5 Ra1+ 39. Kg2 Qb1 40. Qxb1 Rxb1
41. Rxa7 Rb2 42. h4 Rf8 43. Rf5 1/2-1/2

[Event "Aeroflot Open A 2017"]
[Site "Moscow RUS"]
[Date "2017.03.01"]
[Round "9.7"]
[White "Kuzubov, Yuriy"]
[Black "Korobov, Anton"]
[Result "0-1"]
[WhiteTitle "GM"]
[BlackTitle "GM"]
[WhiteElo "2643"]
[BlackElo "2691"]
[WhiteFideId "14112906"]
[BlackFideId "14105730"]
[EventDate "2017.02.21"]

1. c4 e6 2. Nf3 d5 3. d4 c6 4. Bg5 Be7 5. Bxe7 Qxe7 6. e3 Nf6 7. Nbd2 O-O 8. Bd3
Nbd7 9. Qc2 dxc4 10. Bxc4 c5 11. e4 cxd4 12. e5 Nd5 13. O-O Nb4 14. Qe4 Nc5 15.
Qg4 Nc6 16. a3 a5 17. Rfe1 Rd8 18. Ne4 Nxe4 19. Rxe4 a4 20. Bd3 Ra5 21. Rae1 b6
22. h4 h6 23. Qg3 Ba6 24. Bxa6 Rxa6 25. Rg4 Qf8 26. Qf4 Kh8 27. Rc1 b5 28. Qe4
Rd5 29. Rd1 Qg8 30. Qf4 Ra8 31. Rc1 Ne7 32. Rc7 Nf5 33. Qc1 d3 34. Re4 Rad8 35.
Qd2 Rc8 36. Rc3 Qd8 37. h5 Kg8 38. g4 Rxc3 39. bxc3 Nh4 40. Nh2 Qg5 41. f4 Qxg4+ 0-1

[Event "Aeroflot Open A 2017"]
[Site "Moscow RUS"]
[Date "2017.03.01"]
[Round "9.8"]
[White "Artemiev, Vladislav"]
[Black "Smirin, Ilia"]
[Result "1-0"]
[WhiteTitle "GM"]
[BlackTitle "GM"]
[WhiteElo "2655"]
[BlackElo "2670"]
[WhiteFideId "24101605"]
[BlackFideId "2801990"]
[EventDate "2017.02.21"]

1. d4 Nf6 2. Nf3 d6 3. Nc3 g6 4. e4 Bg7 5. Be3 O-O 6. h3 a6 7. a4 b6 8. e5 Nfd7
9. e6 fxe6 10. h4 Nf6 11. Bd3 Nc6 12. h5 gxh5 13. Ne4 Nb4 14. Nfg5 h6 15. Nxf6+
exf6 16. Nh7 f5 17. Nxf8 Qxf8 18. Qxh5 Nxd3+ 19. cxd3 f4 20. Bd2 e5 21. dxe5
dxe5 22. O-O Bf5 23. Rfe1 Rd8 24. a5 Bxd3 25. Rxe5 Bxe5 26. Qxe5 Qd6 27. Qxf4
Qxf4 28. Bxf4 bxa5 29. Bxh6 Rb8 30. Ra3 Be2 31. Bf4 Rxb2 32. Bxc7 Bc4 33. Rc3
Bd5 34. Bxa5 Kf7 35. Re3 Rb3 36. Re1 Rb5 37. Bd8 a5 38. Ra1 Bc6 39. Rc1 Bd5 40.
Rc7+ Ke6 41. Re7+ Kf5 42. Bc7 Kf6 43. Rh7 a4 44. Rh6+ Kf7 45. Ra6 Rc5 46. Bf4
Rc4 47. Be5 Re4 48. Bg3 Re1+ 49. Kh2 Ra1 50. Bd6 Bc4 51. Ra5 Ke6 52. Bf8 Ra2 53.
Kg3 Kd7 54. Kf3 Bf1 55. g3 Kc6 56. Rc5+ Kd7 57. Re5 Rb2 58. Re7+ Kd8 59. Ra7 Bb5
60. Bc5 Rc2 61. Bd4 Kc8 62. Kf4 Re2 63. Be3 Ra2 64. g4 a3 65. g5 Bd3 66. Bc5 Rc2
67. Rxa3 Rc4+ 68. Bd4 Rxd4+ 69. Ke3 Rg4 70. Rxd3 Rxg5 71. Ke4 Rg8 72. f4 Re8+
73. Kf5 Rf8+ 74. Kg5 Rg8+ 75. Kh6 Rf8 76. Rd4 1-0

[Event "Aeroflot Open A 2017"]
[Site "Moscow RUS"]
[Date "2017.03.01"]
[Round "9.12"]
[White "Sasikiran, Krishnan"]
[Black "Rozum, Ivan"]
[Result "1/2-1/2"]
[WhiteTitle "GM"]
[BlackTitle "GM"]
[WhiteElo "2674"]
[BlackElo "2601"]
[WhiteFideId "5004985"]
[BlackFideId "24104272"]
[EventDate "2017.02.21"]

1. Nf3 Nf6 2. g3 b6 3. Bg2 Bb7 4. O-O e6 5. d3 d5 6. c4 Be7 7. cxd5 Bxd5 8. Nc3
Bb7 9. b4 O-O 10. Rb1 Nbd7 11. b5 c5 12. a4 Nd5 13. Nxd5 Bxd5 14. Bf4 a6 15. e4
Bb7 16. Qc2 Bf6 17. Rfe1 axb5 18. axb5 Ra7 19. Nd2 Ne5 20. Bxe5 Bxe5 21. Nc4 Qc7
22. Re2 Rfa8 23. Bf3 Ra4 24. Kg2 Bc8 25. Qd2 Bd7 26. Qg5 f6 27. Qh5 Rb4 28. Rxb4
cxb4 29. Bg4 b3 30. Nxe5 fxe5 31. Qg5 Qc3 32. Qe7 Bxb5 33. Bxe6+ Kh8 34. Bd5 Re8
35. Qa3 Qxd3 36. Re1 Qd2 37. Rb1 Qe2 38. Qb2 Qh5 39. Qxb3 Rf8 40. h4 Be2 41. Qa3
Qf3+ 42. Qxf3 Bxf3+ 43. Kf1 Rb8 44. Ke1 b5 45. Rb4 h6 46. Kd2 g5 47. Rb3 Bg2 48.
hxg5 hxg5 49. g4 b4 50. Ke2 Kg7 51. Rg3 b3 52. Rxg2 b2 53. Ba2 b1=Q 54. Bxb1
Rxb1 55. Rg3 Rb2+ 56. Kf3 Rb3+ 57. Kg2 Rb4 58. Re3 Ra4 59. Kf3 Rb4 60. Ra3 Kf6
61. Ke3 Rc4 62. f3 Rd4 63. Rd3 Ra4 64. Kd2 Rc4 65. Rc3 Rd4+ 66. Kc2 Rb4 67. Rc6+
Kf7 68. Kc3 Ra4 69. Kb3 Rd4 70. Rc4 Rd3+ 71. Rc3 Rd4 72. Kc2 Rb4 73. Rd3 Ke6 74.
Kc3 Ra4 75. Kb3 Ra1 76. Kc4 Rc1+ 77. Rc3 Rb1 78. Kc5 Rf1 79. Kc6 Rf2 80. Kc7 Ke7
81. Kc8 Rf1 82. Rc7+ Ke6 83. Rc6+ Ke7 84. Rc3 Rf2 85. Kb7 Rf1 86. Kc6 Ke6 87.
Kc7 Ke7 88. Kc8 Rf2 89. Rc7+ Ke6 90. Kd8 Rxf3 91. Ke8 Kd6 92. Rd7+ Kc6 93. Rd5
Rf4 94. Rxe5 Rxg4 95. Ke7 Rf4 96. Rxg5 Rxe4+ 1/2-1/2

[Event "Aeroflot Open A 2017"]
[Site "Moscow RUS"]
[Date "2017.03.01"]
[Round "9.14"]
[White "Indjic, Aleksandar"]
[Black "Motylev, Alexander"]
[Result "1/2-1/2"]
[WhiteTitle "GM"]
[BlackTitle "GM"]
[WhiteElo "2560"]
[BlackElo "2663"]
[WhiteFideId "911925"]
[BlackFideId "4121830"]
[EventDate "2017.02.21"]

1. Nf3 d5 2. d3 g6 3. c3 Bg7 4. Qa4+ c6 5. e4 Nf6 6. Bf4 Nbd7 7. Nbd2 O-O 8. h3
Nh5 9. Be3 e5 10. g3 f5 11. exd5 f4 12. gxf4 exf4 13. Bd4 Re8+ 14. Kd1 Bxd4 15.
Qxd4 c5 16. Qc4 b5 17. Qb3 Rb8 18. a4 bxa4 19. Qc2 c4 20. Qxa4 Rxb2 21. Qxc4
Ndf6 22. Qd4 Qxd5 23. Qxd5+ Nxd5 24. c4 Nb4 25. Rxa7 Bf5 26. Ra3 Rd8 27. Ne1 Nc6
28. Be2 Nf6 29. Kc1 Rb6 30. Nb3 Rdb8 31. Bd1 Ne5 32. Nd4 Rb1+ 33. Kd2 Bxd3 34.
Rxd3 Ne4+ 35. Ke2 Nxd3 36. Nxd3 Nc3+ 37. Kd2 Nxd1 38. Nc6 R8b3 39. Nce5 Nc3 40.
Rxb1 Nxb1+ 41. Kc2 Rb8 42. Nxf4 Na3+ 43. Kc3 Rb1 44. Ne6 Re1 45. f4 Re3+ 46. Kb4
Nc2+ 47. Kb5 Rxh3 48. c5 Rc3 49. c6 Ne3 50. c7 Nd5 51. Nc6 Nxc7+ 52. Nxc7 h5 53.
Nd5 Rg3 54. f5 h4 55. Nce7+ Kf7 56. Nxg6 h3 57. Ne5+ Kf8 58. Nf4 h2 59. f6 Rb3+
60. Ka6 Rb8 61. Ka7 Ra8+ 1/2-1/2

[Event "Aeroflot Open A 2017"]
[Site "Moscow RUS"]
[Date "2017.03.01"]
[Round "9.15"]
[White "Iturrizaga Bonelli, Eduardo"]
[Black "Antipov, Mikhail Al."]
[Result "1-0"]
[WhiteTitle "GM"]
[BlackTitle "GM"]
[WhiteElo "2652"]
[BlackElo "2582"]
[WhiteFideId "3901211"]
[BlackFideId "4107012"]
[EventDate "2017.02.21"]

1. d4 Nf6 2. c4 e6 3. g3 Nc6 4. Bg2 Rb8 5. d5 Na5 6. Qc2 Bb4+ 7. Bd2 Bxd2+ 8.
Nxd2 b5 9. cxb5 Rxb5 10. a4 Rb8 11. b4 Nb7 12. dxe6 fxe6 13. e4 O-O 14. Ngf3 Ne8
15. O-O Nbd6 16. Rab1 Bb7 17. Nd4 Qf6 18. N4b3 Nf7 19. Na5 Ba8 20. Qc5 Qh6 21.
Qxa7 Nf6 22. Qd4 Rbd8 23. Rbc1 d5 24. e5 Nxe5 25. Rxc7 Neg4 26. h3 e5 27. Qb2 e4
28. Qd4 Rde8 29. Nc6 Bxc6 30. Rxc6 e3 31. hxg4 exd2 32. f4 Re2 33. g5 Qg6 34.
Bxd5+ Kh8 35. Bf3 1-0

[Event "Aeroflot Open A 2017"]
[Site "Moscow RUS"]
[Date "2017.03.01"]
[Round "9.16"]
[White "Gupta, Abhijeet"]
[Black "Sandipan, Chanda"]
[Result "1-0"]
[WhiteTitle "GM"]
[BlackTitle "GM"]
[WhiteElo "2645"]
[BlackElo "2573"]
[WhiteFideId "5010608"]
[BlackFideId "5004225"]
[EventDate "2017.02.21"]

1. d4 f5 2. Nc3 Nf6 3. Bg5 d5 4. Bxf6 exf6 5. e3 Be6 6. Bd3 Qd7 7. Nge2 h5 8. a3
g6 9. O-O Bh6 10. b3 Nc6 11. Na4 b6 12. c4 Ne7 13. Nac3 O-O 14. Qc2 c6 15. Rac1
dxc4 16. Bxc4 Bxc4 17. bxc4 h4 18. h3 g5 19. d5 c5 20. Rcd1 g4 21. Nf4 Bxf4 22.
exf4 gxh3 23. g3 Nc8 24. Rfe1 Nd6 25. Re6 Rf7 26. Rde1 Kh8 27. Kh2 Rg8 28. Rxd6
Qxd6 29. Qxf5 hxg3+ 30. fxg3 Qf8 31. Ne4 Qg7 32. Re3 Qh7 33. Qe6 Re7 34. Qxf6+
Rgg7 35. d6 Rxe4 36. d7 Rxe3 37. d8=Q+ Qg8 38. Qh6+ 1-0

[Event "Aeroflot Open A 2017"]
[Site "Moscow RUS"]
[Date "2017.03.01"]
[Round "9.17"]
[White "Xu, Yinglun"]
[Black "Swiercz, Dariusz"]
[Result "1/2-1/2"]
[BlackTitle "GM"]
[WhiteElo "2540"]
[BlackElo "2645"]
[WhiteFideId "8604940"]
[BlackFideId "1126881"]
[EventDate "2017.02.21"]

1. d4 Nf6 2. c4 g6 3. Nc3 d5 4. Bg5 Bg7 5. Bxf6 Bxf6 6. cxd5 c5 7. dxc5 Nd7 8.
e3 O-O 9. Bc4 Nxc5 10. Nge2 Qa5 11. Qd2 b5 12. Nxb5 Qxd2+ 13. Kxd2 Rb8 14. Rhb1
Bf5 15. f3 Bxb1 16. Rxb1 Na4 17. b3 Nb6 18. e4 e6 19. Nbc3 exd5 20. Bxd5 Rfd8
21. Kd3 Kg7 22. g3 Rbc8 23. b4 Nc4 24. Rb3 h5 25. h4 Rd7 26. b5 Ne5+ 27. Ke3 Bd8
28. Nd4 Bb6 29. Na4 Nc4+ 30. Kd3 Ne5+ 31. Ke3 Nc4+ 32. Kd3 Ne5+ 33. Ke3 1/2-1/2

[Event "Aeroflot Open A 2017"]
[Site "Moscow RUS"]
[Date "2017.03.01"]
[Round "9.18"]
[White "Ghaem Maghami, Ehsan"]
[Black "Lysyj, Igor"]
[Result "1/2-1/2"]
[WhiteTitle "GM"]
[BlackTitle "GM"]
[WhiteElo "2566"]
[BlackElo "2643"]
[WhiteFideId "12500739"]
[BlackFideId "4150120"]
[EventDate "2017.02.21"]

1. Nf3 Nf6 2. c4 e6 3. d4 d5 4. g3 Be7 5. Bg2 Nbd7 6. Qc2 c6 7. O-O b6 8. Nbd2
O-O 9. e4 dxc4 10. Nxc4 Bb7 11. Ne3 c5 12. d5 exd5 13. exd5 Nxd5 14. Nxd5 Bxd5
15. Rd1 Be6 16. Bf4 Bf6 17. Rd2 a6 18. Rad1 Ra7 19. Ne5 Bxe5 20. Bxe5 Qc8 21.
Bf4 Nf6 22. Rd6 Bg4 23. Re1 Bh3 24. Bxh3 Qxh3 25. Rxb6 Raa8 26. Rd6 Rfe8 27.
Rdd1 h6 28. f3 Nd5 29. Bd2 Rac8 30. Rxe8+ Rxe8 31. Re1 Rxe1+ 32. Bxe1 Qe6 33.
Bf2 Nb4 34. Qxc5 Nxa2 35. Qe3 1/2-1/2

[Event "Aeroflot Open A 2017"]
[Site "Moscow RUS"]
[Date "2017.03.01"]
[Round "9.19"]
[White "Bluebaum, Matthias"]
[Black "Ramirez, Alejandro"]
[Result "1-0"]
[WhiteTitle "GM"]
[BlackTitle "GM"]
[WhiteElo "2632"]
[BlackElo "2549"]
[WhiteFideId "24651516"]
[BlackFideId "6500617"]
[EventDate "2017.02.21"]

1. d4 d6 2. Nf3 g6 3. c4 Bg7 4. Nc3 c5 5. dxc5 Bxc3+ 6. bxc3 dxc5 7. Qxd8+ Kxd8
8. Ne5 Ke8 9. g3 f6 10. Nd3 Na6 11. Bg2 Rb8 12. a4 e6 13. a5 Ne7 14. Be3 Nf5 15.
Bxc5 Nxc5 16. Nxc5 b6 17. axb6 axb6 18. Nd3 Bd7 19. O-O Rc8 20. c5 bxc5 21. Bb7
Rb8 22. Nxc5 Bc8 23. Bxc8 Rxc8 24. Ne4 Kf8 25. Ra7 Ne7 26. Rb1 f5 27. Nd6 Rd8
28. Rbb7 Rxd6 29. Rxe7 Rc6 30. Rec7 1-0

[Event "Aeroflot Open A 2017"]
[Site "Moscow RUS"]
[Date "2017.03.01"]
[Round "9.20"]
[White "Debashis, Das"]
[Black "Goganov, Aleksey"]
[Result "1/2-1/2"]
[WhiteTitle "GM"]
[BlackTitle "GM"]
[WhiteElo "2472"]
[BlackElo "2632"]
[WhiteFideId "5024854"]
[BlackFideId "24109959"]
[EventDate "2017.02.21"]

1. d4 d5 2. c4 e6 3. Nc3 c6 4. e3 Nf6 5. Nf3 Nbd7 6. Qc2 Bd6 7. Bd3 O-O 8. O-O
dxc4 9. Bxc4 b5 10. Be2 Bb7 11. Rd1 Rc8 12. e4 b4 13. e5 bxc3 14. bxc3 Be7 15.
exf6 Nxf6 16. Rb1 Qc7 17. Bf4 Qxf4 18. Rxb7 Rc7 19. g3 Qd6 20. Rxc7 Qxc7 21. c4
Rd8 22. Kg2 c5 23. dxc5 Rc8 24. Nd4 Qxc5 25. Nb3 Qc6+ 26. Kg1 h5 27. c5 h4 28.
Bf1 Qe4 29. Rc1 Qe5 30. Bg2 Nd5 31. Qc4 Bg5 32. Rd1 Nc3 33. Rd7 a5 34. c6 Bf6
35. Nd4 Qe1+ 36. Qf1 Qe5 37. Qc4 Qe1+ 38. Qf1 Qe5 39. Qc4 1/2-1/2

[Event "Aeroflot Open A 2017"]
[Site "Moscow RUS"]
[Date "2017.03.01"]
[Round "9.21"]
[White "Sunilduth Lyna, Narayanan"]
[Black "Vavulin, Maksim"]
[Result "1-0"]
[WhiteTitle "GM"]
[BlackTitle "IM"]
[WhiteElo "2524"]
[BlackElo "2604"]
[WhiteFideId "5058422"]
[BlackFideId "4169530"]
[EventDate "2017.02.21"]

1. d4 Nf6 2. c4 e6 3. Nf3 b6 4. g3 Ba6 5. Qc2 c6 6. e4 d5 7. cxd5 Bxf1 8. Kxf1
cxd5 9. e5 Ng8 10. Kg2 Ne7 11. Nc3 a6 12. Bd2 Nec6 13. Rac1 Be7 14. Ne2 Ra7 15.
h4 Rc7 16. Qd3 Rc8 17. Nf4 g6 18. a3 h5 19. Rc2 Qd7 20. Rhc1 Qb7 21. Nh3 Kf8 22.
Nfg5 Qd7 23. Qf3 Bd8 24. Qf4 Kg7 25. Bb4 f5 26. exf6+ Bxf6 27. Qd6 Qxd6 28. Bxd6
Rce8 29. Rxc6 Nxc6 30. Rxc6 Bxd4 31. Nf4 Bf6 32. Rxb6 a5 33. Ngxe6+ Kf7 34. Rb7+
Kg8 35. Nxd5 Rxe6 36. Nxf6+ Rxf6 37. Be5 1-0

[Event "Aeroflot Open A 2017"]
[Site "Moscow RUS"]
[Date "2017.03.01"]
[Round "9.22"]
[White "Movsesian, Sergei"]
[Black "Kuybokarov, Temur"]
[Result "1-0"]
[WhiteTitle "GM"]
[BlackTitle "IM"]
[WhiteElo "2679"]
[BlackElo "2491"]
[WhiteFideId "310204"]
[BlackFideId "14203049"]
[EventDate "2017.02.21"]

1. c4 e5 2. Nc3 d6 3. g3 g6 4. d4 Nd7 5. Nf3 Bg7 6. Bg2 Ne7 7. O-O O-O 8. e3 a5
9. b3 Nc6 10. Bb2 Re8 11. h3 e4 12. Ne1 f5 13. Nc2 Nf6 14. a3 d5 15. f4 Be6 16.
c5 h6 17. Qd2 g5 18. b4 Ne7 19. b5 Ng6 20. Ne2 Bf8 21. Bc3 b6 22. Qd1 gxf4 23.
exf4 Bd7 24. a4 h5 25. Ne3 h4 26. Kh1 Bh6 27. Bd2 Kh8 28. g4 fxg4 29. f5 Ne7 30.
Nxg4 Nxg4 31. hxg4 Ng8 32. c6 Bc8 33. Bf4 Bg5 34. Be5+ Kh7 35. Nf4 Nh6 36. Ng6
Rg8 37. Nf4 Nf7 38. Qb3 Bxf4 39. Rxf4 Re8 40. Rxe4 Nh6 41. Rf4 1-0

[Event "Aeroflot Open A 2017"]
[Site "Moscow RUS"]
[Date "2017.03.01"]
[Round "9.23"]
[White "Sjugirov, Sanan"]
[Black "Karthikeyan, Murali"]
[Result "1/2-1/2"]
[WhiteTitle "GM"]
[BlackTitle "GM"]
[WhiteElo "2673"]
[BlackElo "2578"]
[WhiteFideId "4189302"]
[BlackFideId "5074452"]
[EventDate "2017.02.21"]

1. e4 c5 2. Nf3 e6 3. d4 cxd4 4. Nxd4 a6 5. Bd3 Bc5 6. Nb3 Ba7 7. O-O Ne7 8. c4
Nbc6 9. Nc3 d6 10. Qe2 e5 11. Be3 Nd4 12. Bxd4 exd4 13. Nd5 O-O 14. Nxe7+ Qxe7
15. Qd2 Bd7 16. Rfe1 Rac8 17. Nc1 f5 18. exf5 Qf6 19. b3 d5 20. cxd5 Bxf5 21.
Bxf5 Qxf5 22. Nd3 Bb8 23. Rac1 Qxd5 24. Rxc8 Rxc8 25. Qe2 h6 26. Qg4 Qd8 27. Re4
Qf8 28. g3 Rd8 29. Rxd4 Rxd4 30. Qxd4 Qe7 31. Qd5+ Kh8 32. Nc5 Ba7 33. Ne4 Bb8
34. Kg2 b6 35. h4 a5 36. Qc6 Bc7 37. Nc3 Qe5 38. Qa8+ Kh7 39. Qf3 Bd6 40. Qe4+
Qxe4+ 41. Nxe4 Bc7 42. h5 Kg8 43. f4 Kf7 44. f5 Ke7 45. Kf3 Be5 46. g4 Bb2 47.
Kf4 Bf6 48. g5 hxg5+ 49. Nxg5 Bd4 50. Ne6 Bb2 51. Kg5 Kf7 52. Nc7 Be5 53. Nd5 b5
54. Kg4 a4 55. b4 Kg8 56. Kg5 Kf7 57. h6 gxh6+ 58. Kxh6 Bd6 59. Kg5 a3 60. Kg4
Kg7 61. Kh5 Kf7 62. Kg5 Be5 63. Ne3 Bc3 64. Nc2 Bd2+ 65. Kg4 Kf6 66. Nxa3 Bxb4
67. Nxb5 Ke5 68. a4 Be7 69. a5 Kd5 70. a6 Kc6 71. Nc3 Bf8 72. Na4 Kc7 73. f6 Kb8
74. Nb6 Ka7 75. Nd7 Ba3 76. Kf5 Kxa6 77. Ke6 Kb7 78. f7 Kc7 79. Ne5 Bb4 80. Nd3
Bf8 81. Nf4 Ba3 82. Nd5+ Kd8 83. Ne3 Bb4 84. Nc4 Kc7 85. Ne3 Kd8 86. Nf5 Bf8 87.
Nd6 Kc7 88. Nc4 Bb4 89. Ne3 1/2-1/2

[Event "Aeroflot Open A 2017"]
[Site "Moscow RUS"]
[Date "2017.03.01"]
[Round "9.24"]
[White "Narayanan, Srinath"]
[Black "Zhigalko, Sergei"]
[Result "1/2-1/2"]
[WhiteTitle "IM"]
[BlackTitle "GM"]
[WhiteElo "2474"]
[BlackElo "2652"]
[WhiteFideId "5018420"]
[BlackFideId "13502956"]
[EventDate "2017.02.21"]

1. e4 c5 2. Nf3 d6 3. d4 cxd4 4. Nxd4 Nf6 5. Nc3 a6 6. h3 e6 7. g4 h6 8. Bg2 Be7
9. Be3 Nc6 10. Qe2 Nxd4 11. Bxd4 e5 12. Be3 b5 13. f4 b4 14. Nd5 Nxd5 15. exd5
exf4 16. Bxf4 O-O 17. O-O-O a5 18. Kb1 Bf6 19. Qf2 Re8 20. Bf1 Be5 21. Rg1 Bxf4
22. Qxf4 Re5 23. Bc4 Qe7 24. Qf2 Ba6 25. Bxa6 Rxa6 26. Rge1 Ra8 27. Rxe5 Qxe5
28. Qb6 h5 29. Qc6 Rf8 30. Qb5 Ra8 31. Qc6 Rf8 32. Qb5 Ra8 1/2-1/2

[Event "Aeroflot Open A 2017"]
[Site "Moscow RUS"]
[Date "2017.03.01"]
[Round "9.25"]
[White "Lomasov, Semen"]
[Black "Alekseev, Evgeny"]
[Result "0-1"]
[WhiteTitle "IM"]
[BlackTitle "GM"]
[WhiteElo "2450"]
[BlackElo "2632"]
[WhiteFideId "24164879"]
[BlackFideId "4138147"]
[EventDate "2017.02.21"]

1. e4 c6 2. d4 d5 3. e5 Bf5 4. h4 h5 5. Bd3 Bxd3 6. Qxd3 e6 7. Bg5 Be7 8. Nf3
Nh6 9. Nc3 Nf5 10. Ne2 c5 11. dxc5 Na6 12. Bxe7 Qxe7 13. Ned4 Nxd4 14. Nxd4 Nxc5
15. Qa3 a6 16. O-O-O Rc8 17. f3 b5 18. Kb1 Qb7 19. Qe3 Qe7 20. Qa3 Na4 21. Qxe7+
Kxe7 22. Ne2 Nb6 23. Rhe1 Rcg8 24. Nf4 g5 25. hxg5 Rxg5 26. Re2 Nd7 27. Rde1 h4
28. Nd3 Rhg8 29. Nf4 Rf5 30. Nd3 h3 31. gxh3 Rxf3 32. a4 bxa4 33. h4 Rh3 34. Rf2
Rxh4 35. Ref1 Rg7 36. Rf4 Rgh7 37. Ka2 a5 38. Ka3 Nb6 39. R1f2 Rxf4 40. Rxf4 Rh2
41. Nf2 Nc4+ 42. Kxa4 Nxb2+ 0-1

[Event "Aeroflot Open A 2017"]
[Site "Moscow RUS"]
[Date "2017.03.01"]
[Round "9.26"]
[White "Zhigalko, Andrey"]
[Black "Bok, Benjamin"]
[Result "1/2-1/2"]
[WhiteTitle "GM"]
[BlackTitle "GM"]
[WhiteElo "2571"]
[BlackElo "2596"]
[WhiteFideId "13502247"]
[BlackFideId "1017063"]
[EventDate "2017.02.21"]

1. e4 e5 2. Nf3 Nc6 3. Bb5 Nf6 4. O-O Nxe4 5. Re1 Nd6 6. Nxe5 Be7 7. Bf1 Nxe5 8.
Rxe5 O-O 9. d4 Bf6 10. Re1 Re8 11. Bf4 Rxe1 12. Qxe1 Ne8 13. c3 1/2-1/2

[Event "Aeroflot Open A 2017"]
[Site "Moscow RUS"]
[Date "2017.03.01"]
[Round "9.27"]
[White "Tari, Aryan"]
[Black "Gordievsky, Dmitry"]
[Result "1/2-1/2"]
[WhiteTitle "GM"]
[BlackTitle "IM"]
[WhiteElo "2596"]
[BlackElo "2564"]
[WhiteFideId "1510045"]
[BlackFideId "24112798"]
[EventDate "2017.02.21"]

1. d4 Nf6 2. c4 g6 3. g3 Bg7 4. Bg2 O-O 5. Nc3 d6 6. Nf3 c5 7. O-O Nc6 8. dxc5
dxc5 9. Be3 Ng4 10. Qxd8 Rxd8 11. Bxc5 Be6 12. h3 Nf6 13. Rad1 Bxc4 14. Nd4 Nd5
15. Nxd5 Bxd5 16. Nxc6 bxc6 17. b3 Bxg2 18. Kxg2 Bf8 19. Rxd8 Rxd8 20. Rc1 Rd2
21. a4 Rd7 22. Be3 Rc7 23. Bf4 Rc8 24. Rd1 a5 25. Rd7 e6 26. Kf3 Bb4 27. Ke4 Kf8
28. Bg5 Ke8 29. Rb7 Be1 30. Be3 Rd8 31. Rb6 Rd6 32. Rb8+ Rd8 33. Rb6 Rd6 34. Ra6
h5 35. g4 hxg4 36. hxg4 Bb4 37. Bg5 Bc3 38. Ra8+ Kd7 39. Ra7+ Ke8 40. Ra8+ Kd7
41. Rf8 f5+ 42. Kf3 c5 43. gxf5 gxf5 1/2-1/2

[Event "Aeroflot Open A 2017"]
[Site "Moscow RUS"]
[Date "2017.03.01"]
[Round "9.28"]
[White "Kulaots, Kaido"]
[Black "Swapnil, S. Dhopade"]
[Result "1/2-1/2"]
[WhiteTitle "GM"]
[BlackTitle "GM"]
[WhiteElo "2590"]
[BlackElo "2534"]
[WhiteFideId "4500261"]
[BlackFideId "5019184"]
[EventDate "2017.02.21"]

1. e4 c6 2. d4 d5 3. e5 Bf5 4. Nf3 e6 5. Be2 Ne7 6. O-O h6 7. Nbd2 Nd7 8. Nb3
Qc7 9. Bd2 a5 10. a4 g5 11. Ne1 c5 12. c3 Bg7 13. Bb5 Nc6 14. Nc2 c4 15. Nc1 Na7
16. Bxd7+ Qxd7 17. Ne3 Bg6 18. Ne2 Bd3 19. f4 gxf4 20. Rxf4 h5 21. Rf2 Bh6 22.
Nf1 Bxd2 23. Nxd2 h4 24. Nf4 Bf5 25. Nh5 O-O-O 26. Nf6 Qc7 27. h3 Nc6 28. b3
cxb3 29. Nxb3 b6 30. Rb2 Kb8 31. Nd2 Ka7 32. Nb1 Bxb1 33. Raxb1 Rb8 34. Rb5 Ne7
35. R1b3 Rb7 36. Qb1 Rhb8 37. Qf1 Rc8 38. Qb1 Rcb8 1/2-1/2